Labour absorption in Philippine agriculture

Spremljeno u:
Bibliografski detalji
Glavni autor: Mangahas, Mahar
Format: Knjiga
Jezik:Undetermined
Izdano: Paris Development Centre Of the Organization 1972
Teme:
Oznake: Dodaj oznaku
Bez oznaka, Budi prvi tko označuje ovaj zapis!
Thư viện lưu trữ: Trung tâm Học liệu Trường Đại học Cần Thơ
LEADER 00540nam a2200193Ia 4500
001 CTU_92851
008 210402s9999 xx 000 0 und d
082 |a 331.7 
082 |b M277 
100 |a Mangahas, Mahar 
245 0 |a Labour absorption in Philippine agriculture 
245 0 |c Mahar Mangahas 
260 |a Paris 
260 |b Development Centre Of the Organization 
260 |c 1972 
650 |a Agricultural laborers 
650 |z Philippines 
904 |i Tuyến 
980 |a Trung tâm Học liệu Trường Đại học Cần Thơ